[Event "Bundesliga 9293"]
[Site "Germany"]
[Date "1993.??.??"]
[Round "?.1"]
[White "Huebner, Robert"]
[Black "Lutz, Christopher"]
[Result "1-0"]
[WhiteElo "2620"]
[BlackElo "2550"]
[Annotator "Huebner,R"]
[PlyCount "121"]
[EventDate "1992.10.24"]
[EventType "team-tourn"]
[EventRounds "15"]
[EventCountry "GER"]
[SourceTitle "CBM 038"]
[Source "ChessBase"]
[SourceDate "1994.02.01"]
[SourceVersion "1"]
[SourceVersionDate "1994.02.01"]
[SourceQuality "1"]
[WhiteTeam "Bayern Muenchen"]
[BlackTeam "Porz"]
[WhiteTeamCountry "GER"]
[BlackTeamCountry "GER"]

1. e4 c5 2. Nf3 e6 3. d4 cxd4 4. Nxd4 a6 5. Bd3 Nf6 6. O-O Qc7 7. Kh1 $6 (7.
Qe2 $142) 7... d6 $6 (7... d5 $142 8. exd5 Nxd5 9. Be4 (9. f4 g6) 9... Nf6 10.
Bf3 Be7 $10) 8. f4 Nbd7 9. c4 g6 $2 (9... Be7 10. Nc3 O-O 11. Be3 b6 12. Rc1
$14) 10. f5 e5 (10... gxf5 11. exf5 e5 12. Ne6 $1 $16) 11. Nc2 {/\Nc2-e3, xd5,
f5} (11. Nb3 $6 Be7 12. Nc3 Nb6) (11. Ne6 $6 fxe6 12. fxe6 Bg7 13. exd7+ Bxd7
14. Nc3 O-O {/\15.-Be6=}) 11... gxf5 (11... Be7 12. Ne3 {/\ 13.Nc3, 14.g4}) 12.
Rxf5 Be7 (12... Nxe4 13. Bxe4 Nc5 14. Qf3 Nxe4 15. Qxe4 Bxf5 16. Qxf5 Qxc4 $17
{Fritz}) 13. Nc3 (13. Bg5 Rg8 14. Nc3 (14. Qf1 Nc5 15. Bxf6 (15. Rxf6 Rxg5 16.
Rh6 Be6 $13) 15... Bxf5 16. Bxe7 Bxe4 17. Bxe4 Nxe4 18. Bh4 Rg4 $13) (14. Qf3
Nc5 15. Rxf6 Rxg5 16. Rh6 (16. Rxf7 $2 Nxd3) 16... Be6 17. Nc3 O-O-O $13) (14.
Bh4 Rg6 15. Nc3 Nb6 $13) 14... Nb6 15. Rxf6 (15. Bxf6 Bxf5 16. Bxe7 Bg4 $19)
15... Rxg5 16. Rf2 Be6 $15) 13... Nc5 (13... Nb6 14. Rf1 Nxc4 $2 15. Rxf6 Bxf6
16. Nd5 $18) 14. Rf1 Bg4 $8 (14... Rg8 15. Ne3 Be6 16. Ncd5 Bxd5 17. exd5 $18)
15. Be2 (15. Qd2 $5 {Lutz} Be6 16. Nd5 Qd8 (16... Bxd5 17. exd5 $18 {(xf5)}))
15... Be6 16. Nd5 Qd8 $8 (16... Bxd5 17. exd5 $18 {(xf5)}) (16... Nxd5 17. exd5
Bd7 18. Bh6 {/\ 19.Bh5+-}) 17. Be3 $1 {/\ 18.b4} Nfxe4 (17... Ncxe4 18. Bb6 $18
) (17... Bxd5 18. exd5 $18) 18. Bg4 {/\ 19.b4} h5 $1 (18... h6 19. Bxe6 fxe6
20. Qh5+ Kd7 21. Nxe7 $16) (18... Nf6 19. Bxe6 Nxe6 (19... fxe6 20. Nxf6+ Bxf6
21. Qh5+ Kd7 22. Bxc5 $18) 20. Bb6 $18) (18... Rg8 19. Bxe6 Nxe6 (19... fxe6
20. Qh5+ Kd7 21. Nxe7 Rg7 22. b4 Na4 23. Nf5 Nf6 24. Qh3 $18) 20. Qf3 N4g5 21.
Qf5 {/\ 22.h4 +/-}) (18... Bxd5 19. Qxd5 Nf6 20. Qf3 e4 21. Qh3 $16) 19. Bxh5
Bxd5 $2 {T} (19... Bf8 20. Bxc5 (20. Qf3 Qh4 $13) 20... dxc5 (20... Nxc5 21.
Nf6+ Ke7 22. Ne3 $18) 21. Qf3 Qh4 22. g4 $2 (22. Nc7+ Kd7 (22... Kd8 23. Nxe6+
fxe6 24. g4 $18) 23. Nxe6 (23. Nxa8 Rxh5 24. h3 Kc8 $13) 23... Rxh5 24. Qxf7+
Be7 25. h3 Ng3+ 26. Kh2 Nxf1+ 27. Rxf1 Kc6 $13) (22. Bxf7+ Kd8 23. h3 Ng3+ 24.
Kh2 Nxf1+ (24... Bxh3 25. Qxg3 $18) 25. Rxf1 $18) 22... O-O-O 23. Qxe4 Rxh5) (
19... Nf6 $142 20. Bf3 Nxd5 21. Bxd5 Qd7 {/\ 22.-0-0-0, 22.-Bd5}) 20. Qxd5 Ng3+
21. hxg3 (21. Kg1 $6 Nxh5 (21... Nxf1 22. Qxf7+ Kd7 23. Bxc5 Nxh2 24. Kxh2
Rxh5+ 25. Qxh5 Qh8 $10) (21... Rxh5 22. Qxf7+ (22. hxg3 {Rh5 - game}) 22... Kd7
23. Bxc5 (23. hxg3 Qh8 {/\ 24.-Rf8}) 23... Qh8 $13) 22. Qxf7+ Kd7 23. Bxc5 $18)
21... Rxh5+ 22. Kg1 Ne6 (22... Rh7 23. Bxc5 dxc5 24. Qxb7 $18) 23. Qxb7 (23.
Qf3 $2 Rh7 24. Qf5 Rg7 25. Bh6 Qb6+ 26. Rf2 Rxg3 27. Qxf7+ Kd7 $13) 23... Rb8
24. Qf3 Rh7 25. b3 (25. Qf5 Rg7 26. Bh6 Qb6+ 27. Rf2 Rxg3 28. Qxf7+ Kd7 $13)
25... Bg5 26. Ba7 $6 (26. Rad1 $142 Bxe3+ 27. Nxe3 Qb6 28. Rf2) 26... Ra8 (
26... Rc8 $5) 27. Bf2 a5 28. Rad1 Rc8 29. Na3 (29. Qe4 $5 Rh6 (29... Rg7 30.
Na3 Be7 31. Nb5) (29... Rh8 30. Na3) 30. Ne3 Bxe3 31. Bxe3 Rg6 32. Rf3) 29...
Ke7 30. Qd3 Qh8 $5 (30... Rh6 31. Nb5 $18) 31. Qxd6+ Kf6 32. Be3+ $2 (32. Bc5+
Kg6 (32... Kg7 33. Qxe5+ f6 34. Rd7+ $16 (34. Qxe6 $142 Rh1+ 35. Kf2 Rxf1+ 36.
Kxf1 Qh1+ 37. Bg1 Qh5 38. Rd7+ $18)) 33. Qd3+ Kh6 (33... Kg7 34. Rxf7+ Kxf7 35.
Qf5+ $18) 34. Be3 f6 35. Bxg5+ Nxg5 36. Qf5 $18) 32... Kg6 33. Qd3+ (33. Bxg5
Kxg5 34. Qd2+ Kg6 35. Qd3+ Kg7 36. Qf5 Rh1+ 37. Kf2 Rh5 $13) 33... Kg7 34. Bxg5
Nxg5 35. Qf5 Rh1+ 36. Kf2 Rxf1+ 37. Rxf1 f6 38. Ke2 $6 (38. Nc2 $142 Qf8 (38...
Rd8 39. Ne3 Rd2+ 40. Kg1) 39. Ne3 Rd8 40. Kg1 $18) 38... Qf8 39. Nc2 Rd8 40.
Ne3 Nh7 41. Rh1 (41. Nd5 Qa3 $13) 41... Ng5 42. Nd5 Rd6 43. Rh5 {/\ 44.Nf6} Qd8
44. Kf1 Rxd5 45. cxd5 Qxd5 46. Qc2 $2 (46. Rxg5+ fxg5 47. Qxg5+ Kf7 48. Qf5+
Ke7 49. g4 $18) 46... Qd4 47. Rh4 e4 48. Rf4 Kg6 49. Ke2 Qe5 (49... Qg1 50. Rf2
Qa1 (50... Qh2 51. Qc3) 51. Rf1 Qe5 52. Rf4 Qd4 53. Qd2) 50. Ke3 (50. Qd2 Ne6 (
50... f5 51. g4) 51. Rg4+ Ng5 $13) 50... Kg7 51. Qd2 $2 (51. g4 Kh6 (51... Ne6
52. Rxe4 Qg3+ 53. Kd2 Qxg2+ 54. Kc1 $18) 52. Rxe4 Qg3+ (52... Nxe4 53. Qxe4
Qc3+ 54. Kf4 Qd2+ 55. Qe3 $18) 53. Kd4 Qd6+ 54. Kc3 Qc5+ 55. Rc4 Qe5+ 56. Kd2
$18) 51... Ne6 52. Rg4+ (52. Qd7+ Kh6 (52... Kf8 $2 53. Qc8+ Kf7 54. Qb7+ {
/\ 55.Qe4 +-}) 53. Rxe4 (53. Rh4+ Kg5) 53... Qxe4+ (53... Qxg3+ 54. Kd2 $18)
54. Kxe4 Nc5+ 55. Kf5 Nxd7 56. Ke6 Nc5+ 57. Kxf6 Ne4+ $10) 52... Kf8 53. Ke2 (
53. Rxe4 Qxg3+ 54. Ke2 Qxg2+ 55. Ke3 (55. Kd3 $2 Nc5+) 55... Qg3+ $10) 53...
Nd4+ $2 {T} (53... f5 $142 54. Rf4 $8) 54. Kf2 (54. Kf1 Kf7 $13 55. Qf4 Qb5+)
54... Nf5 (54... f5 55. Qh6+ $18) (54... Qc5 55. Qh6+ $18) (54... Kf7 55. Qf4
Qc5 56. Qxe4 f5 57. Qb7+ $18) 55. Qd8+ Kf7 56. Qd7+ Kf8 (56... Ne7 57. Rh4 Qc5+
58. Ke2 Qc2+ 59. Qd2 Qb1 60. Rf4 $18) 57. Qc8+ Kf7 58. Qb7+ Kf8 59. Qa8+ Kf7
60. Qxe4 Qc5+ 61. Ke2 1-0

[Event "Baden-Baden"]
[Site "Baden-Baden"]
[Date "1992.12.08"]
[Round "4"]
[White "Huebner, Robert"]
[Black "Lutz, Christopher"]
[Result "1/2-1/2"]
[WhiteElo "2630"]
[BlackElo "2550"]
[Annotator "Huebner,R"]
[PlyCount "83"]
[EventDate "1992.12.??"]
[EventType "tourn"]
[EventRounds "11"]
[EventCountry "GER"]
[EventCategory "14"]
[SourceTitle "CBM 033"]
[Source "ChessBase"]
[SourceDate "1993.04.01"]
[SourceVersion "1"]
[SourceVersionDate "1993.04.01"]
[SourceQuality "1"]

1. e4 c5 2. Nf3 e6 3. d4 cxd4 4. Nxd4 a6 5. Bd3 Nf6 6. O-O Qc7 7. Qe2 d6 8. c4
g6 9. b3 (9. Nc3 $142 Bg7 10. Be3) 9... Bg7 10. Bb2 O-O 11. Nc3 b6 (11... Nc6
$2 12. Nxc6 bxc6 13. Na4 $14) 12. Rad1 Bb7 13. Bb1 Nc6 (13... Nbd7 $5 $15) 14.
Nxc6 Bxc6 15. Rd2 Rfd8 16. Rfd1 Rd7 $6 (16... Nd7 $5 17. h3 (17. Rxd6 Be5 18.
R6d3 Bxh2+ 19. Kf1 Be5 {/\ 20...Nd7-c5 =/+} 20. Qd2 Bf4) 17... Nc5 $15) 17. Qf3
{/\ 18.Nd5} (17. Qe3 b5 18. c5 dxc5 19. Qxc5 Rxd2 20. Rxd2 Ng4 21. g3 Rc8 $15)
(17. h3 $5) 17... Ne8 18. Qe3 $6 (18. a4 $142) 18... Rad8 (18... b5 $5 19. cxb5
(19. c5 dxc5 20. Qxc5 Rad8 $15) 19... axb5 20. b4 (20. Ne2 Bxb2 21. Rxb2 e5 $15
) 20... Qa7 $15) 19. h3 (19. a4 $5) 19... b5 20. cxb5 axb5 21. Ne2 (21. b4 Qb7
(21... d5 $2 22. exd5 exd5 23. Ne2 $16) 22. Ne2 Bxb2 23. Rxb2 d5 24. e5 d4 25.
Qg3 Be4 $17) 21... Bxb2 22. Rxb2 e5 23. b4 d5 (23... Qb7 $6 24. Nc3 (24. a4
bxa4 (24... d5 25. axb5 (25. exd5 Rxd5 26. Rxd5 Bxd5 27. a5 Bxg2 $17) 25... d4
(25... Bxb5 $2 26. exd5 Rxd5 27. Rxd5 Rxd5 28. Nc3 $16) 26. bxc6 (26. Qg3 Bxe4
27. Qxe5 Bxg2 $17) 26... dxe3 27. Rxd7 exf2+ 28. Kf1 Qb6 29. Rxd8 Qxd8 30. b5
$13) 25. b5 Rc7 26. Nc3 a3 27. Rb3 Ra8 $13 28. Ba2 Bd7 29. Nd5 Rc2) 24... Nc7 (
24... Qa8 25. a4 bxa4 26. b5 Bb7 27. Rb4 $16) 25. a4 d5 (25... bxa4 26. b5 Re7
27. Ba2 Be8 28. Nd5 $16) 26. axb5 d4 27. bxc6 dxe3 28. cxb7 Rxd1+ 29. Nxd1
Rxd1+ 30. Kh2 Rd8 (30... Na6 31. b5 Nb8 32. Ba2 Rd2 33. Rxd2 exd2 34. Bb3 Kf8
35. Kg3 Ke7 36. Kf3 {/\ kf3-e2 +-}) 31. fxe3 Rb8 32. Ba2 $16) 24. exd5 Rxd5 25.
Rxd5 Rxd5 26. Bc2 (26. Nc3 Rd4 27. a3 f6 {/\ 28...Kg8-g7, 29...Nd6 =/+} 28. Qh6
Ng7) 26... Ng7 (26... Qd6 27. Qa7 {Lutz} (27. Bb3 Rd3 28. Qa7 Bd5 29. Bxd5 Rd1+
(29... Rxd5 30. Nc3) (29... Qxd5 30. Qb8 Kf8 31. Rc2) 30. Kh2 Rxd5 {/\ 30...
e5-e4 -/+}) 27... Nc7 28. Bb3 Rd3 29. Qb8+ (29. Rc2 Ne6 30. Qb6 $2 Rd1+ 31. Kh2
Rh1+ $19 32. Kxh1 Bxg2+) 29... Kg7 30. Rc2 $13) 27. Ng3 {>< f5} Rd4 28. Bb3 Qd6
29. Re2 $10 e4 $2 (29... Bd5 $10) (29... Rxb4 30. Qxe5 Qxe5 31. Rxe5 Kf8 32.
Rc5 Be8 $10) 30. Rc2 Bb7 (30... Rd3 31. Qb6 $18 e3 32. Rxc6 exf2+ 33. Qxf2 {
>< f7}) 31. Rc5 h5 $1 (31... Rd3 32. Nxe4 $18) (31... Rxb4 32. Qc3 Rd4 33. Rxb5
Ba6 34. Ra5 Bb7 35. Ra7 Rd3 36. Qc4 Bd5 37. Ra8+ $18) 32. h4 $5 $138 (32. Qc3
$2 Rd3) (32. Rxb5 Rxb4 33. Qc5 (33. Rxb4 Qxb4 34. Qg5 (34. Qf4 Qe7 $10) 34...
Qd6 $10) 33... Qxc5 34. Rxc5 Ne8 $10) 32... Rxb4 $138 (32... Rd3 $2 33. Nxe4
$18) (32... Ne8 33. Qg5 {/\ 33.Rc5-e5; 33.Ng3-f5; 33.Ng3-h5 |^} (33. Qh6 Bd5
$10) (33. Rxb5 Rxb4 34. Rxb4 Qxb4 35. Qg5 Kf8 36. Qh6+ Ke7 37. Qf4 Nd6 $10))
33. Qc3 Rd4 34. Rxb5 Ba6 (34... Rd3 35. Qc4 $18) 35. Ra5 Bb7 (35... Rd3 36.
Nxe4 $18) 36. Ra7 Rd3 37. Qc4 (37. Bxf7+ $2 Kh7 38. Qc2 (38. Qc4 e3 $19) (38.
Qb2 Rd1+ 39. Kh2 (39. Nf1 Rxf1+ $19 40. Kxf1 Qd1#) 39... Qf4 $19 {/\ Qf4-h4#})
38... Qb6 39. Ra4 Rxg3 $19) 37... Bd5 38. Qc8+ $2 (38. Ra8+ Kh7 (38... Bxa8 39.
Qxf7+ Kh7 40. Qg8+ Kh6 41. Qh8#) 39. Nxe4 Bxe4 $8 (39... Bxc4 40. Ng5+ Kh6 41.
Rh8#) 40. Qxe4 $16 Rd4 41. Qb7 Rxh4 42. Qxf7 Qh2+ 43. Kf1 Qh1+ 44. Ke2 {
/\ 45.Ra8-h8 +-}) (38. Bd1) 38... Kh7 39. Bxd5 e3 $1 (39... Qxd5 40. Ra8 $18) (
39... Rd1+ 40. Kh2 (40. Nf1 $2 Qxd5 41. Ra8 Rxf1+ 42. Kxf1 Qd1#) 40... Qf4 41.
Bxf7 Qxh4+ 42. Qh3 $18) 40. Rxf7 $8 (40. Bxf7 exf2+ 41. Kh1 (41. Kf1 Rd1+ 42.
Kxf2 Qf4+ 43. Ke2 Rd2+ $19) 41... Rd1+ 42. Kh2 f1=N+ $19) (40. Bf3 exf2+ 41.
Kf1 Rxf3 42. gxf3 Qxg3 $19) (40. Ra8 exf2+ 41. Kf1 Rd1+ 42. Ke2 (42. Kxf2 Qf4+
43. Bf3 Qd4+ 44. Ke2 Qd2#) 42... Re1+ 43. Kxf2 Re8 44. Ne4 (44. Qc6 Qf4+ 45.
Kg1 (45. Bf3 Qe3+ 46. Kf1 Qe1#) 45... Re1+ 46. Kh2 Qxh4#) (44. Qc4 Qb6+ 45. Kf1
Qb1+ 46. Kf2 Qe1+ 47. Kf3 Qe3#) (44. Qc3 Qf4+ 45. Qf3 (45. Bf3 Rxa8 $19) 45...
Qd4+ 46. Kf1 Qa1+ 47. Kf2 Qe1#) 44... Qf4+ 45. Kg1 (45. Ke2 Rxc8 46. Ng5+ Kh6
47. Rxc8 (47. Nxf7+ Qxf7 $19) 47... Qg4+ 48. Kd2 (48. Kf1 Ne6) 48... Ne6 (48...
Qxc8 $2 49. Nxf7+ Kh7 50. Ng5+ Kh6 51. Nf7+ $10) 49. Bxe6 (49. Rh8+ Kg7 50.
Rh7+ Kg8 $19) 49... fxe6 {/\ 50...Qg4xh4 -+}) 45... Rxc8 46. Ng5+ Kh6 47. Rxc8
Qd4+ 48. Kf1 Ne6 49. Nxf7+ Kg7 50. Bxe6 Qf6+ 51. Kg1 Qxe6 52. Rc7 Qe1+ $19)
40... exf2+ (40... e2 41. Rxg7+ Kxg7 42. Qg8+ Kf6 43. Qf7+ Ke5 44. f4+ Kd4 45.
Nxe2+ $18) 41. Rxf2 Qxd5 42. Nf1 (42. Rf8 Qd4+ $10 {>< h4}) 1/2-1/2

[Event "Poikovsky Karpov 19th"]
[Site "Poikovsky"]
[Date "2018.05.27"]
[Round "1"]
[White "Jakovenko, Dmitrij"]
[Black "Artemiev, Vladislav"]
[Result "1-0"]
[WhiteElo "2735"]
[BlackElo "2704"]
[Annotator "Jakovenko,D"]
[PlyCount "91"]
[EventDate "2018.05.27"]
[EventType "tourn"]
[EventRounds "9"]
[EventCountry "RUS"]
[EventCategory "18"]
[SourceTitle "CBM 185"]
[Source "ChessBase"]
[SourceDate "2018.07.13"]
[SourceVersion "1"]
[SourceVersionDate "2018.07.13"]
[SourceQuality "1"]

1. e4 c5 2. Nf3 e6 3. d4 cxd4 4. Nxd4 a6 5. Bd3 Bc5 6. Nb3 Ba7 7. O-O {[%cal
Gd1e2,Gc1e3,Gc2c4,Gb1c3] Vlad was playing this line for the first time, so I
went for a solid plan with Qe2, Be3, c2-c4, Nc3, aiming for a slight but
stable advantage.} ({A sharper line is} 7. Qg4 Nf6 8. Qg3 Nc6 9. Nc3 d6 10. O-O
Ne5 11. Kh1 h5 12. f4 h4 13. Qh3 Nxd3 14. cxd3 e5 15. f5 Bd7 16. Bg5 Bc6 17.
Rad1 Rh5 18. Bxf6 Qxf6 19. g4 Rh8 20. Nd2 O-O-O 21. b4 Kb8 22. a4 Bd4 23. Nd5
Bxd5 24. exd5 Rc8 25. Ne4 Qd8 26. f6 gxf6 27. Rxf6 Qd7 28. b5 axb5 29. Rxd6 Qe8
30. axb5 {1/2 (30) Zhigalko,S (2625)-Sprenger,J (2513) Batumi GEO 2018}) 7...
Ne7 ({One example of White's strategic ideas, played next to my board in the
Russian championship:} 7... Nc6 8. Qe2 d6 9. Be3 Nf6 10. Bxa7 Rxa7 11. c4 e5
12. Nc3 Be6 13. Nd5 Nd7 14. Qe3 b6 15. Rfd1 O-O 16. Be2 Rb7 17. Rd2 Nc5 18. h3
Qb8 19. Rad1 Nxb3 20. axb3 Nd4 21. Nb4 a5 22. Nc2 Nxc2 23. Rxc2 Rd8 24. Rcd2
Rbd7 25. Bg4 $14 {1-0 (73) Potkin,V (2651)-Vitiugov,N (2705) Moscow 2012}) 8.
Qe2 Nbc6 9. Be3 ({Another game in this line from the Russian championships,
this time with Black's knight on e7:} 9. c4 O-O 10. Nc3 d6 (10... e5 $5 11. Be3
$140 Nd4 {Because of this possibility I started with 9.Be3, although after} 12.
Bxd4 exd4 13. Nd5 $14 {White is maybe better.}) 11. Be3 e5 12. Bxa7 Rxa7 13.
Rfd1 Be6 14. Qe3 b6 15. Bf1 Qb8 16. Rd2 Rd8 17. Rad1 Rb7 18. Nd5 a5 19. Nc3 $14
{1/2 (32) Motylev,A (2676)-Andreikin,D (2706) Nizhnij Novgorod 2013}) 9... O-O
({With} 9... Bxe3 $5 10. Qxe3 O-O {Black could prevent my plan, as now} 11. c4
$6 {is met by} (11. Rd1) (11. f4) 11... d5 $11) 10. Bxa7 (10. c4 Bxe3 11. Qxe3
d5 $11) 10... Rxa7 11. c4 d5 $5 {Now this is not as good as it was after Black
exchanged on e3. Black's rook is misplaced on a7 and White's queen is not
hanging in the event of d5-d4. Still, it's far from easy to prove any real
advantage for White.} 12. exd5 ({I also considered} 12. cxd5 exd5 13. Nc3 $5 d4
14. Na4 {[%cal Ga1d1,Gd3b1,Gf2f4,Ge4e5] and the knight on a4 is looking
awkward, but it's not easy to attack it, while White has a clear plan of
attacking the pawn on d4 or advancing the f- and e-pawns. A possible
continuation is:} b6 15. Rad1 Ne5 16. Bb1 N7c6 17. Nc3 a5 18. Nb5 Ba6 19. a4 g5
$5 $13) ({It was woprth considering} 12. Rd1 $5 dxc4 (12... d4 13. e5 $14) 13.
Bxc4 Qc7 $14 {/=}) 12... exd5 13. Nc3 ({A better move was} 13. Rd1 $142 d4 14.
N1d2 (14. Na3 b6 15. Nc2 Rd7 16. Rd2 Ng6 17. Bxg6 hxg6 18. Rad1 Re8 19. Qf1 Qf6
20. Ncxd4 Ne5 $14 {/= Black has good drawish chances}) 14... Ng6 15. Qh5 b6 16.
Nf3 Qf6 17. Qg5 Qxg5 18. Nxg5 $14 {In the endgame the d4-pawn is more a
weakness than a strength.}) 13... d4 $6 {After the game Vlad told me that he
overestimated his position and didn't want to go for a draw.} ({Black could
equalise with} 13... dxc4 $1 14. Bxc4 b5 15. Rad1 Qb6 (15... Rd7 16. Bd3 Qb6
17. Qh5 h6 18. Qc5 Qxc5 19. Nxc5 Rd4 $11) 16. Bd5 b4 $11) 14. Ne4 $6 ({A
stronger try was} 14. Na4 $1 {The main point is to secure the knight on b3
from a6-a5-a4.} b6 15. Rad1 Be6 {During the game I thought that Black is OK
here, but actually after} 16. Be4 $1 {he just doesn't have useful moves.} Rd7 (
16... g6 17. Bxc6 Nxc6 18. Qe4) (16... Re8 17. Rfe1) 17. c5 Bxb3 18. axb3 bxc5
19. Qxa6 $14) 14... Ng6 $6 ({A better way was} 14... a5 $142 $132 15. c5 (15.
Rad1 a4 16. Na1 Ne5 (16... a3 $6 {just strengthes White's pawns} 17. b3 f5 (
17... Ne5 18. Nc2 N7c6 19. Ng3 $16) 18. Ng5 Nb4 19. c5 $14) 17. Nc2 N7c6 18. h3
Bf5 19. f4 Nxd3 20. Qxd3 Ra8 21. Nxd4 Bxe4 22. Qxe4 Qb6 $11) 15... b6 $1 (15...
a4 16. Nbd2 Nd5 17. Nd6 $14) 16. Rac1 Nb4 17. Rfd1 Nxa2 18. Rc4 Nf5 $132) (
14... Re8 $6 {is always met with} 15. Rfe1) (14... b6 15. c5 a5 {transposes to
the lines above.}) 15. f4 (15. Qh5 {could lead to very interesting
complications:} Nce5 16. Ng5 h6 17. Nxf7 $1 Kxf7 18. Bxg6+ Nxg6 19. f4 Qh4 20.
Qd5+ $1 Be6 21. Qc5 $1 b6 $1 22. Qxb6 Re7 23. f5 Nf4 $1 24. fxe6+ Kg8 25. Nxd4
Rxe6 $1 26. Nxe6 Ne2+ 27. Kh1 Ng3+ $11) ({After} 15. Rad1 {Black gets enough
counterplay with} f5 16. Nec5 (16. Ng3 f4 17. Bxg6 hxg6 18. Ne4 f3 19. gxf3 Bh3
20. Rfe1 b6 $44) 16... Re8 17. Qf3 Nce5 18. Qd5+ Qxd5 19. cxd5 Nf4 20. Bb1 b6
$11) 15... f5 16. Ng3 b6 17. Rad1 Re7 18. Qf2 Be6 {Both sides have made their
natural moves, and game has come to a critical point. Either White manages to
attack the d4-pawn, or Black will be totally ok.} 19. Be2 $6 {I saw that after
correct play this move leads to a draw, but couldn't find the way to an
advantage.} (19. Rd2 $1 Qd6 {I didn't see how to make progress here, but the
computer shows the fantastic} (19... Nb4 20. Bb1 Bxc4 21. Rxd4 Qc7 22. Rfd1 $14
{White's pieces are better coordinated}) 20. h4 $3 Nxh4 21. Ne2 Ng6 22. Nexd4
$36 Qc7 (22... Nxd4 23. Nxd4 Bd7 (23... Qc7 24. c5 $1 $16) 24. Nxf5 $16) 23.
Nxc6 Qxc6 24. Nd4 Qc8 25. g3 $14 {The black knight on g6 is out of play and
White is going to simply push his c-pawn, for example:} h6 26. Rc1 Kh8 27. b4
Rc7 28. c5 bxc5 29. Nxe6 Qxe6 30. bxc5 Ne7 31. Re1 Qg6 32. Rde2 $14) 19... Rd7
20. Rfe1 (20. Rd2 $2 d3) 20... Nge7 $2 ({The correct move was} 20... Qc7 $1 21.
Bf1 ({Vlad said that he was afraid of} 21. Bf3 Bxc4 22. Rc1 $2 {but here Black
just wins with} Nb4 $1 $19) 21... Nxf4 22. Nxd4 Nxd4 23. Rxd4 Rxd4 24. Qxd4 Rd8
25. Qe3 g6 26. Ne2 $11) 21. Rd2 $1 $16 {The bishop on e6 is hanging and White
has time to double rooks on the d-file. Now there is no way to save the
d4-pawn.} d3 22. Bxd3 Rxd3 23. Rxe6 Rxd2 24. Qxd2 Qxd2 25. Nxd2 Rd8 26. Nf3 {
White has got an extra pawn, but it is not easy to convert it to the full
point.} g6 (26... Rd1+ 27. Re1) 27. Ne5 {I try to get as much as possible out
of the active position of my rook.} (27. Kf2 Kf7 28. Re3 $16 {was also
possible, but I was afraid that Black would start pawn exchanges with b6-b5,
h7-h6 and g6-g5 etc., getting good chances to defend.}) 27... Rc8 (27... Nxe5
28. fxe5 Nc8 29. Kf2) 28. Ne2 b5 (28... Nxe5 29. fxe5 Kf7 (29... Nc6 30. Nf4
Kf7 31. Kf2 b5 32. c5 $18) 30. Rxb6 Rxc4 31. Rxa6 Rc2 32. Nd4 Rxb2 33. Ra7 Ke8
34. e6 Kf8 35. a4 $16) 29. Nc3 ({Again there was a decent alternative:} 29. Kf2
bxc4 (29... Nxe5 30. Rxe5 Nc6 31. Rc5 $18) 30. Nxc4 Nb4 31. Ne5 Nec6 32. Nxc6
Nxc6 33. Rd6 $16) 29... bxc4 30. Nxc4 Nd4 31. Rxe7 Rxc4 32. Rb7 $6 {I was
aiming for this position when I played 27.Ne5, but I missed Black's reply} (32.
Kf2 $2 Nc6) ({There was the much cleaner} 32. Rd7 $1 {covering the d-file} Nb5
33. Nd5 $18) 32... Ne6 $1 33. g3 Rd4 $1 {Suddenly Black gets counterplay.
Objectively my position is still winning, but I have to be very precise.} 34.
Re7 {I try to prevent Black's rook from getting to my 2nd rank.} ({Black's
idea is that if White wins a second pawn with} 34. Rb6 Kf7 35. Rxa6 Rd2 {
then Black gets excellent drawing chances with his active rook.}) ({Strongest,
but very hard to find over the board, was} 34. Kf2 $1 Rd2+ 35. Ke3 Rxh2 36. b4
$1 {White gave up his extra pawn, but activates all his pieces and begins to
push the a- and b-pawns.} Rb2 (36... h5 37. Rb6 Kf7 38. Rxa6 h4 39. Ra7+ Kf8
40. gxh4 Rh3+ 41. Kd2 Rxh4 42. b5 Rxf4 43. a4 $18) 37. Rb6 Kf7 38. a4 h6 39. a5
g5 40. Rb7+ Kg6 41. b5 axb5 42. a6 Rb3 43. Kd2 Nd4 44. a7 Ra3 45. Nd5 Nc6 46.
Rb6 $18) 34... Nc5 ({After} 34... Rd6 35. Kf1 Kf8 (35... Nc5 {transposes to
the game}) 36. Rxh7 Rd2 {the black rook gets to the 2nd rank, but the price is
too high} 37. Ra7 Rxb2 38. Rxa6 Kf7 39. Ra7+ Kf8 40. a4 $18) 35. Kf1 Rd6 36.
Ke2 Nd3 37. Rb7 {It is worth noting that we both were in time trouble here.} h6
$6 {Too slow. It might seem that it's hard to make progress for White, but
actually there is a very powerful resource.} ({After} 37... Nc1+ {White has to
find may precise moves to keep a winning position.} 38. Ke1 Nd3+ 39. Kf1 Rc6 (
39... a5 40. Rb5 Rc6 41. Rxa5 Nxb2 42. Ra3 $1 $16 Nc4 43. Ra8+ Kf7 44. Ke2) 40.
Nd5 Rd6 41. Ne3 Re6 42. Nc2 $1 Nc1 43. Nb4 a5 44. Rc7 axb4 (44... Nb3 $5) 45.
Rxc1 Ra6 46. Ra1 $16) 38. a4 $1 g5 39. fxg5 hxg5 40. a5 {Now White threatens
Rb7-b6. If Black's rook leaves the 6th rank, White just promotes his a-pawn
after b2-b4-b5. Black goes for a desperate counter-attack.} Nc1+ 41. Kf1 Rd2 (
41... Kf8 {is hopeless:} 42. Rb6 Ke7 43. h4 gxh4 44. gxh4 Nd3 45. h5 Ne5 46.
Rxd6 Kxd6 47. h6 $18) 42. b4 {Black has one last chance to give perpetual
check - see annotation to my next move. During the game I thought that I had
found the only way to prevent it. Indeed, what I played was the most "clean"
way to victory, but it's far from being the only one.} ({Another winning move
is} 42. Rb6 f4 43. gxf4 gxf4 44. Rxa6 f3 45. Rf6 Rxh2 46. Rxf3 Rxb2 47. a6 {
and the black knight is too far away to stop the white pawn} Rb6 48. a7 Ra6 49.
Nb5 $18) 42... f4 43. Ne4 ({Another way to win:} 43. b5 Nd3 (43... f3 44. Ne4
$1 (44. bxa6 $4 Nd3 45. a7 Rf2+ 46. Kg1 Rg2+ $11 {This is the chance I was
talking about.}) 44... Ra2 45. Nc5 $1 $18) 44. Ne4 (44. bxa6 $4 f3 45. a7 Rf2+
46. Kg1 Rg2+ $11) 44... Ra2 45. Rd7 $1 $18) 43... Rxh2 44. b5 fxg3 ({After} 
44... f3 {I calculated} 45. bxa6 ({maybe simpler} 45. Rd7 $18) 45... Nd3 46.
Kg1 Ra2 47. a7 {note how the absence of the h2-pawn allows the white king to
excape} Ra1+ 48. Kh2 Ra2+ 49. Kh3 $18) 45. Nxg3 Rh6 46. Rb6 1-0